| 000 | 00714nam a22002417a 4500 | ||
|---|---|---|---|
| 001 | 3779 | ||
| 003 | FISKH | ||
| 005 | 20240507101713.0 | ||
| 008 | 240507b cb ||||| |||| 00| 0 eng d | ||
| 040 |
_aFISK _beng _cFISK _dFISK |
||
| 050 | _aPR5774.T5 | ||
| 082 | _a823.912 | ||
| 100 |
_aWells . H. G _d1866-1946 |
||
| 245 |
_aThe time machine / _cH. G. Wells |
||
| 260 |
_aNew York : _bScholastic, _c2012 |
||
| 300 |
_a123 pages : _c18 cm |
||
| 505 | _aK | ||
| 520 | _aA time traveler voyages into the year 802701 to discover that the world is divided into two groups, the Morlocks and the Eloi. | ||
| 521 | 8 |
_aestimates, _bLexile NP |
|
| 700 | _aH. G. Wells | ||
| 942 |
_2ddc _cBK _n0 |
||
| 999 |
_c3779 _d3779 |
||